[Event "Aragon-chT Honor Titulo"]
[Site "Aragon"]
[Date "2015.03.21"]
[Round "9.4"]
[White "Burillo Rodriguez, Carlos"]
[Black "Ramiro Ovejero, Juan Luis"]
[Result "0-1"]
[WhiteElo "2034"]
[BlackElo "2350"]
[PlyCount "38"]
[EventDate "2015.02.21"]
[EventType "team-tourn"]
[EventRounds "10"]
[EventCountry "ESP"]
[SourceTitle "EXT 2017"]
[Source "ChessBase"]
[SourceDate "2016.10.25"]
[SourceVersion "1"]
[SourceVersionDate "2016.10.25"]
[SourceQuality "1"]
[WhiteTeam "El Olivar"]
[BlackTeam "Jaime Casas"]
[WhiteTeamCountry "ESP"]
[BlackTeamCountry "ESP"]

1. d4 d5 2. Nf3 Nf6 3. g3 Bg4 4. Ne5 Bf5 5. c4 c6 6. Bg2 Nbd7 7. cxd5 cxd5 8. Qb3 e6 9. Qxb7 Nxe5 10. dxe5 Nd7 11. e4 dxe4 12. 0-0 Rb8 13. Qxa7 Bc5 14. Qa4 Rb4 15. Qc6 0-0 16. Nc3 Rb6 17. Qa4 Rb4 18. Qc6 Qe7 19. Nxe4 Bxe4 0-1

[Event "Aragon-chT Preferente B"]
[Site "Aragon"]
[Date "2012.02.11"]
[Round "2.65"]
[White "Burillo Rodriguez, Carlos"]
[Black "Soto Fidalgo, Guillermo"]
[Result "0-1"]
[WhiteElo "2044"]
[BlackElo "1907"]
[PlyCount "82"]
[EventDate "2012.02.04"]
[EventType "team"]
[EventRounds "9"]
[EventCountry "ESP"]
[SourceTitle "EXT 2014"]
[Source "ChessBase"]
[SourceDate "2013.11.20"]
[SourceVersion "1"]
[SourceVersionDate "2013.11.20"]
[SourceQuality "1"]
[WhiteTeam "Olivar III"]
[BlackTeam "El Soto"]
[WhiteTeamCountry "ESP"]
[BlackTeamCountry "ESP"]

1. d4 d5 2. Nf3 Nf6 3. g3 Bf5 4. Bg2 c6 5. 0-0 h6 6. Nbd2 e6 7. c4 Bd6 8. Re1 0-0 9. Nh4 Bh7 10. e4 dxe4 11. Nxe4 Nxe4 12. Bxe4 Bxe4 13. Rxe4 Nd7 14. Nf3 c5 15. Bf4 Nf6 16. Bxd6 Qxd6 17. Re5 cxd4 18. Qxd4 Qxd4 19. Nxd4 Rfd8 20. Nb3 Rac8 21. Rc1 Nd7 22. Re2 Nc5 23. Nxc5 Rxc5 24. b4 Rc7 25. Kf1 Rd4 26. Rec2 e5 27. Ke2 f5 28. a3 e4 29. Rc3 Kf7 30. c5 g5 31. Rd1 Rxd1 32. Kxd1 Ke6 33. Ke2 Kd5 34. Ke3 b6 35. f3 bxc5 36. fxe4+ fxe4 37. Rc1 c4 38. h4 Rf7 39. hxg5 Rf3+ 40. Ke2 hxg5 41. Rd1+ Rd3 0-1

[Event "Aragon-chT Honor II"]
[Site "Spain"]
[Date "2011.02.05"]
[Round "1.22"]
[White "Alonso Fernandez Revuelta, Rodrigo"]
[Black "Burillo Rodriguez, Carlos"]
[Result "1/2-1/2"]
[WhiteElo "2037"]
[BlackElo "2032"]
[PlyCount "92"]
[EventDate "2011.02.05"]
[EventType "team-tourn"]
[EventRounds "7"]
[EventCountry "ESP"]
[SourceTitle "EXT 2013"]
[Source "ChessBase"]
[SourceDate "2012.11.22"]
[SourceVersion "1"]
[SourceVersionDate "2012.11.22"]
[SourceQuality "1"]
[WhiteTeam "Caissa"]
[BlackTeam "Olivar II"]
[WhiteTeamCountry "ESP"]
[BlackTeamCountry "ESP"]

1. e4 c5 2. Nf3 d6 3. d4 cxd4 4. Qxd4 Nc6 5. Bb5 Bd7 6. Bxc6 Bxc6 7. c4 Qb6 8. Qxb6 axb6 9. Nc3 e6 10. Be3 Nf6 11. Nd2 d5 12. Bxb6 Nxe4 13. cxd5 Nxc3 14. dxc6 Nd5 15. cxb7 Rb8 16. Bd4 Rxb7 17. 0-0 Nf4 18. Rfe1 Bb4 19. Nc4 0-0 20. Re4 g5 21. g3 Nd5 22. h4 Rc8 23. b3 h6 24. hxg5 hxg5 25. Kg2 Bc3 26. Bxc3 Nxc3 27. Re3 Nd5 28. Re5 Rd8 29. Rxg5+ Kf8 30. Rh5 Ke7 31. Rh7 Nf6 32. Rg7 Rd5 33. f4 Kf8 34. Rg5 Rxg5 35. fxg5 Ne4 36. g6 f5 37. Kf3 Kg7 38. g4 Kxg6 39. gxf5+ exf5 40. Kf4 Rh7 41. Ne5+ Kf6 42. Nf3 Rg7 43. Rc1 Rg4+ 44. Ke3 Ke6 45. a4 Kd5 46. a5 f4+ 1/2-1/2

[Event "Aragon-chT Preferente"]
[Site "Spain"]
[Date "2010.02.20"]
[Round "5.37"]
[White "Gil Capape, Marco Antonio"]
[Black "Burillo Rodriguez, Carlos"]
[Result "1-0"]
[WhiteElo "2155"]
[BlackElo "2120"]
[PlyCount "67"]
[EventDate "2010.01.23"]
[EventType "team-swiss"]
[EventRounds "12"]
[EventCountry "ESP"]
[SourceTitle "EXT 2013"]
[Source "ChessBase"]
[SourceDate "2012.11.22"]
[SourceVersion "1"]
[SourceVersionDate "2012.11.22"]
[SourceQuality "1"]
[WhiteTeam "Caissa Hermanos Cortes"]
[BlackTeam "El Olivar III"]
[WhiteTeamCountry "ESP"]
[BlackTeamCountry "ESP"]

1. e4 c5 2. Nf3 Nc6 3. d4 cxd4 4. Nxd4 Nf6 5. Nc3 a6 6. Be2 d6 7. 0-0 e5 8. Nb3 Be6 9. Bg5 Be7 10. Bxf6 gxf6 11. Nd5 f5 12. exf5 Bxf5 13. Bg4 Be4 14. Re1 Bxd5 15. Qxd5 Qb6 16. c3 Qb5 17. Qe4 h5 18. Be2 Qb6 19. Qf5 Bh4 20. Bc4 Rf8 21. Rad1 Ne7 22. Qf3 Rc8 23. Re4 Ng6 24. g3 Be7 25. Qf5 Kd8 26. Bd5 h4 27. Rb4 Qxb4 28. cxb4 hxg3 29. hxg3 b6 30. Rc1 Rxc1+ 31. Nxc1 Kc7 32. Qc2+ Kd8 33. Qc6 f5 34. Be6 1-0

[Event "Aragon-chT Preferente"]
[Site "Spain"]
[Date "2010.02.06"]
[Round "3.25"]
[White "Burillo Rodriguez, Carlos"]
[Black "Soriano Ascaso, Ignacio"]
[Result "1-0"]
[WhiteElo "2120"]
[BlackElo "2160"]
[PlyCount "89"]
[EventDate "2010.01.23"]
[EventType "team-swiss"]
[EventRounds "12"]
[EventCountry "ESP"]
[SourceTitle "EXT 2013"]
[Source "ChessBase"]
[SourceDate "2012.11.22"]
[SourceVersion "1"]
[SourceVersionDate "2012.11.22"]
[SourceQuality "1"]
[WhiteTeam "El Olivar III"]
[BlackTeam "Ramiro"]
[WhiteTeamCountry "ESP"]
[BlackTeamCountry "ESP"]

1. d4 d5 2. Nf3 Nc6 3. Bf4 f6 4. e3 Bg4 5. Bb5 e6 6. Bxc6+ bxc6 7. c4 Bb4+ 8. Nc3 Ne7 9. c5 0-0 10. Qa4 a5 11. 0-0 Bxc3 12. bxc3 Bxf3 13. gxf3 g5 14. Bg3 h5 15. h3 Qd7 16. Rab1 Nf5 17. Rb7 e5 18. Kg2 e4 19. fxe4 dxe4 20. d5 Qxd5 21. Rxc7 h4 22. Rd1 Nxe3+ 23. fxe3 Qf5 24. Qc4+ Kh8 25. Rf1 Qg6 26. Bd6 g4 27. Qe6 gxh3+ 28. Kxh3 Qg5 29. Bf4 Qg6 30. Qg4 Qxg4+ 31. Kxg4 Rg8+ 32. Kf5 Rad8 33. Rh1 Rd5+ 34. Kxe4 Rh5 35. Rxc6 h3 36. Rxf6 Rg2 37. Rh6+ Rxh6 38. Bxh6 Rxa2 39. c6 Rg2 40. c7 Rg8 41. Rxh3 Ra8 42. Bf8+ Kg8 43. Bd6 Kf7 44. Rf3+ Ke6 45. Rf8 1-0

[Event "Aragon-chT"]
[Site "Aragon"]
[Date "2009.01.24"]
[Round "1"]
[White "Chueca Forcen, Alberto"]
[Black "Burillo Rodriguez, Carlos"]
[Result "1-0"]
[WhiteElo "2278"]
[BlackElo "2125"]
[PlyCount "43"]
[EventDate "2009.01.24"]
[EventType "team-swiss"]
[EventRounds "9"]
[EventCountry "ESP"]
[SourceTitle "EXT 2011"]
[Source "ChessBase"]
[SourceDate "2010.11.26"]
[SourceVersion "1"]
[SourceVersionDate "2010.11.26"]
[SourceQuality "1"]

1. d4 Nf6 2. c4 e6 3. Nc3 Bb4 4. f3 0-0 5. e4 d6 6. Bd3 e5 7. d5 Bxc3+ 8. bxc3 Nbd7 9. Ne2 Nc5 10. Bg5 Nxd3+ 11. Qxd3 b6 12. g4 Ba6 13. Ng3 h6 14. Bxf6 Qxf6 15. h4 Rac8 16. g5 hxg5 17. hxg5 Qxg5 18. Kf2 f5 19. Nxf5 Rxf5 20. exf5 Qf4 21. f6 Qxf6 22. Rh5 1-0

[Event "Tarragona Province-chA"]
[Site "Tarragona"]
[Date "2008.05.31"]
[Round "7"]
[White "Burillo Rodriguez, Carlos"]
[Black "Vila Cairo, Gerard"]
[Result "1/2-1/2"]
[WhiteElo "2045"]
[BlackElo "1983"]
[PlyCount "122"]
[EventDate "2008.04.19"]
[EventType "swiss"]
[EventRounds "8"]
[EventCountry "ESP"]
[SourceTitle "EXT 2019"]
[Source "ChessBase"]
[SourceDate "2018.10.10"]
[SourceVersion "1"]
[SourceVersionDate "2018.10.10"]
[SourceQuality "1"]

1. d4 Nf6 2. c4 c5 3. d5 b5 4. cxb5 a6 5. bxa6 d6 6. e4 g6 7. Bb5+ Nbd7 8. Nc3 Bg7 9. Nf3 0-0 10. 0-0 Bxa6 11. Bxa6 Rxa6 12. Qc2 Qa8 13. Re1 Rb8 14. b3 Qb7 15. Rb1 Ng4 16. h3 Nge5 17. Nxe5 Nxe5 18. Be3 Qb4 19. Na4 Qb5 20. Red1 Rba8 21. Rbc1 Nd7 22. Qc4 Qb7 23. f4 Nb6 24. Nxb6 Rxb6 25. Rd2 Rb4 26. Qd3 Qa7 27. Rc4 Rab8 28. Rxb4 Rxb4 29. Rc2 Qa5 30. e5 Qa8 31. exd6 exd6 32. f5 Bd4 33. fxg6 hxg6 34. Bxd4 Rxd4 35. Qf3 Kf8 36. Re2 Qxd5 37. Qxd5 Rxd5 38. Kf2 Rd4 39. Ke3 Ke7 40. Rd2 Rb4 41. Kd3 f5 42. Re2+ Kd7 43. Re3 Rf4 44. Rg3 Rf2 45. a4 f4 46. Rxg6 f3 47. Ke3 Rb2 48. Kxf3 Rxb3+ 49. Ke2 Kc6 50. h4 Rb4 51. h5 Rxa4 52. h6 Rh4 53. Kd3 c4+ 54. Kc3 Kc5 55. g4 d5 56. g5 Rh3+ 57. Kc2 Kd4 58. Rd6 Rh2+ 59. Kb1 c3 60. Rd7 Rh1+ 61. Kc2 Rh2+ 1/2-1/2

[Event "Autonomico-chT"]
[Site "Aragon"]
[Date "2005.04.02"]
[Round "9.37"]
[White "Barcena Laguia, Francisco"]
[Black "Burillo Rodriguez, Carlos"]
[Result "0-1"]
[WhiteElo "1967"]
[BlackElo "2143"]
[PlyCount "87"]
[EventDate "2005.01.22"]
[EventType "team"]
[EventRounds "12"]
[EventCountry "ESP"]
[SourceTitle "EXT 2006"]
[Source "ChessBase"]
[SourceDate "2005.11.24"]
[SourceVersion "1"]
[SourceVersionDate "2005.11.24"]
[SourceQuality "1"]

1. d4 Nf6 2. Nf3 e6 3. Bf4 c5 4. c3 Qb6 5. Qc1 Nc6 6. e3 Nh5 7. Bg3 Nxg3 8. hxg3 Be7 9. Nbd2 d5 10. Bd3 g6 11. a4 Bf6 12. dxc5 Qxc5 13. e4 Ne5 14. Nxe5 Bxe5 15. a5 Bd7 16. Nb3 Qc7 17. exd5 exd5 18. f4 Bf6 19. Qe3+ Kf8 20. 0-0 Kg7 21. Nd4 Rhe8 22. Qf2 Bg4 23. f5 g5 24. Bb5 Re4 25. Rae1 Qxa5 26. Rxe4 dxe4 27. Bc4 Qe5 28. Qe3 a6 29. Kh2 b5 30. Ba2 Rc8 31. Bb1 b4 32. Qxe4 Qxe4 33. Bxe4 bxc3 34. bxc3 Rxc3 35. Bf3 Bxf3 36. Nxf3 a5 37. Rf2 a4 38. Ra2 a3 39. Nd2 Rd3 40. Nc4 Be7 41. Re2 Kf8 42. Kg1 Rxg3 43. Kf2 Rb3 44. Ke1 0-1

[Event "Aragon-chT"]
[Site "Spain"]
[Date "2004.03.06"]
[Round "6.1"]
[White "Burillo Rodriguez, Carlos"]
[Black "Solano Lasierra, Javier"]
[Result "1/2-1/2"]
[WhiteElo "2160"]
[BlackElo "2103"]
[PlyCount "68"]
[EventDate "2004.01.??"]
[EventType "team"]
[EventRounds "11"]
[EventCountry "ESP"]
[SourceTitle "EXT 2006"]
[Source "ChessBase"]
[SourceDate "2005.11.24"]
[SourceVersion "1"]
[SourceVersionDate "2005.11.24"]
[SourceQuality "1"]

1. d4 d5 2. c4 e6 3. Nf3 c6 4. cxd5 exd5 5. Bf4 Nf6 6. e3 Be7 7. Bd3 0-0 8. 0-0 Nbd7 9. Qc2 Re8 10. Nbd2 Nf8 11. h3 Be6 12. Rab1 a5 13. a3 Rc8 14. Rfc1 N6d7 15. Nb3 c5 16. dxc5 Nxc5 17. Nbd4 Nxd3 18. Qxd3 Qb6 19. Qb5 Qxb5 20. Nxb5 Bf5 21. Rxc8 Rxc8 22. Rd1 Be6 23. Nc3 Bxa3 24. Nxd5 Bxd5 25. bxa3 Bb3 26. Rb1 a4 27. Nd4 Rc3 28. Bd6 Ne6 29. Nxe6 fxe6 30. Kh2 Rd3 31. Bb4 Rd1 32. Rb2 b5 33. Kg3 Kf7 34. e4 Rd3+ 1/2-1/2

[Event "Aragon-chT"]
[Site "Spain"]
[Date "2004.02.28"]
[Round "?"]
[White "Villuendas Valero, Adrian"]
[Black "Burillo Rodriguez, Carlos"]
[Result "1-0"]
[WhiteElo "2016"]
[BlackElo "2160"]
[PlyCount "89"]
[EventDate "2004.01.??"]
[EventType "team"]
[EventRounds "11"]
[EventCountry "ESP"]
[SourceTitle "EXT 2006"]
[Source "ChessBase"]
[SourceDate "2005.11.24"]
[SourceVersion "1"]
[SourceVersionDate "2005.11.24"]
[SourceQuality "1"]

1. e4 e5 2. Nf3 Nc6 3. Bb5 Bc5 4. 0-0 d6 5. c3 Bd7 6. d4 Bb6 7. Be3 Nge7 8. Nbd2 0-0 9. a4 a6 10. Bc4 h6 11. b4 Ng6 12. Qb3 Qf6 13. d5 Nce7 14. a5 Ba7 15. b5 axb5 16. Bxb5 Bg4 17. h3 Bxf3 18. Nxf3 Nf4 19. Bxf4 Qxf4 20. Bd3 Rfb8 21. Qc4 Bc5 22. Qa2 g5 23. Qd2 Qf6 24. Nh2 Ng6 25. Ng4 Qg7 26. Ne3 Nf4 27. Nf5 Qf6 28. Rfb1 Kh7 29. Bf1 g4 30. hxg4 Qg5 31. Qd1 b6 32. g3 Ng6 33. a6 Ra7 34. Qf3 Rg8 35. Be2 Ne7 36. Kg2 Nxf5 37. gxf5 Kg7 38. Rh1 Kf6 39. Rh5 Qg7 40. Rah1 Rh8 41. g4 Raa8 42. Qh3 Ke7 43. Rxh6 Rxh6 44. Qxh6 Qxh6 45. Rxh6 1-0